000
00263nam a22001097a 4500
003
URS
005
20220114171911.0
008
180129b xxu||||| |||| 00| 0 eng d
245
_a
Elements of Applied Energy
700
_4
author
_a
Morse, Frederick T
942
_2
lcc
_c
FR
999
_c
15104
_d
15104